Catholic University of Zimbabwe Library
Online Public Access Catalogue
(OPAC)

The Oxford handbook of philosophical theology / (Record no. 44986)

MARC details
000 -LEADER
fixed length control field 01045cam a2200301 a 4500
001 - CONTROL NUMBER
control field 15412828
008 - FIXED-LENGTH DATA ELEMENTS--GENERAL INFORMATION
fixed length control field 080814s2008 enka b 001 0 eng
010 ## - LIBRARY OF CONGRESS CONTROL NUMBER
LC control number 2008036033
020 ## - INTERNATIONAL STANDARD BOOK NUMBER
International Standard Book Number 9780199289202 (alk. paper)
020 ## - INTERNATIONAL STANDARD BOOK NUMBER
International Standard Book Number 9780199596539(paperback)
020 ## - INTERNATIONAL STANDARD BOOK NUMBER
International Standard Book Number 0199289204 (alk. paper)
035 ## - SYSTEM CONTROL NUMBER
System control number (OCoLC)ocn232979752
035 ## - SYSTEM CONTROL NUMBER
System control number (OCoLC)232979752
040 ## - CATALOGING SOURCE
Original cataloging agency DLC
Transcribing agency CUZ
Modifying agency BTCTA
-- BAKER
-- BWKUK
-- BWK
-- DLC
Language of cataloging eng
Description conventions rda
050 00 - LIBRARY OF CONGRESS CALL NUMBER
Classification number BT40
Item number OXF
245 04 - TITLE STATEMENT
Title The Oxford handbook of philosophical theology /
Statement of responsibility, etc. edited by Thomas P. Flint and Michael C. Rea.
264 ## - PRODUCTION, PUBLICATION, DISTRIBUTION, MANUFACTURE, AND COPYRIGHT NOTICE
Place of production, publication, distribution, manufacture Oxford ;
-- New York :
Name of producer, publisher, distributor, manufacturer Oxford University Press,
Date of production, publication, distribution, manufacture, or copyright notice 2008.
300 ## - PHYSICAL DESCRIPTION
Extent xi, 609 pages. :
Other physical details illustrations. ;
Dimensions 26 cm.
440 #0 - SERIES STATEMENT/ADDED ENTRY--TITLE
Title Oxford handbooks
650 #0 - SUBJECT ADDED ENTRY--TOPICAL TERM
Topical term or geographic name entry element Philosophical theology.
942 ## - ADDED ENTRY ELEMENTS (KOHA)
Koha item type OS Book
336 ## - CONTENT TYPE
Content type term text
Content type code txt
337 ## - MEDIA TYPE
Media type term unmediated
Media type code n
338 ## - CARRIER TYPE
Source rdacarrier
Holdings
Withdrawn status Lost status Source of classification or shelving scheme Damaged status Not for loan Collection code Home library Current library Shelving location Date acquired Source of acquisition Inventory number Full call number Barcode Date last seen Price effective from Koha item type
          Non-fiction CUZ Harare Campus CUZ Harare Campus Open Shelf 07.12.2023 Donation CUZ16199 BT40 OXF BK0010087 07.12.2023 07.12.2023 OS Book

OPENING HOURS

Weekdays: 0815hrs - 1800hrs
Weekends:0900hrs - 1200hrs

Closed for Mass:

Mon, Thur: 1200hrs - 1300hrs
Sunday & Public Holiday’s

CALL SUPPORT

0242-570570, 0242-570169
09200664, +263 8644140602

LOCATION

18443, Cranborne Avenue, Hatfield, Harare

Other Links


©2021 | CUZ Library